000 00714nam a22001337a 4500
040 _cRUA
082 _aAGR HEA 2017 B636 Or.1
100 _aHEANG SEYHA ហៀក សីហា
245 _aeffect of potassium chloride (KC1) rates on yield and sugar content of melon (CUCUMIS MELOM L.)ឥទ្ធពលនៃបរិមាណជីប៉ូតាស្យូមក្លរ(Kc1)នៅលើទិន្នផលនិងកម្រិតជាវជាតិស្ករបស់ដាំណាំត្រសកផ្អែម
260 _aRUA
_bPhnom penh
_c2017
300 _aix;31p
_bill;
_c29cm
856 _uhttps://drive.google.com/file/d/1tJ0aM-NmgVGkSjRGDc79GH9wVLSfoc8g/view?usp=sharing
942 _cAGR
999 _c18053
_d18053